000 00237 a2200109 4500
020 _a9781404824874
041 _aspa
100 _aRosinsky, Natalie M.
245 _aEl agua arriba, abajo, y en todos lados
942 _cBK
952 _71
999 _c16756
_d16756